Секретные протоколы Синода за 1860 год

Доступно только в Электронных читальных залах Найти на картеНа карте
RUSMARC
00003407nmc2a22002413x 450
00192080dd6-bee4-4a37-ad77-70aef8d61202
00520251216095504.0
100##$a20250813l18601861k l0rusy0189 ca
1010#$arus
102##$aRU
105##$ay###
1222#$ad
2001#$aСекретные протоколы Синода за 1860 год
$j25 января 1860 г. - 20 февраля 1861 г.
215##$a613 л.
$d36,5х26 см
251##$cДело
300##$aДело
371##$aДокумент не является опубликованным и широко распространяемым
461#0$1001a4a4e5f7-c8ef-457f-86a9-d9088c4df3d4
$12001
$aКанцелярия Синода
$1251
$cФонд
$1852
$j796
462#0$1001b3c6ee1c-bf85-4e7b-bd21-a97dd8513008
$12001
$aПротоколы Синода
$1251
$cОпись
$1852
$j209
801#0$aRU
$bРГИА
$c20250813
$gRCR
801#1$aRU
$bГлавНИВЦ
$c20250813
$2rusmarc
801#2$aRU
$bПБ им. Б.Н. Ельцина
$c20251216
$gRCR
$2rusmarc
850##$aРГИА
852##$aРГИА
$eФедеральное казенное учреждение "Российский государственный исторический архив" (РГИА)
$j1336
937##$hРГИА
$d12382919
$aASBIBLIO_SCAN
035##$aRusGRCC00087613
856##$uhttp://readingroom.main.prlib.ru/item.aspx?id_node=n199635112&mode=full
Формат отображения